000 00498nam a2200145Ia 4500
008 230917s9999||||xx |||||||||||||| ||und||
040 _e200606
_aMAIN
041 _aEnglish
082 _a301.426 K127S
100 _aKalra, Prerna
245 0 _aStudy of population awareness, attitude towards family planning and reactions of the school students and teachers of south Haryana to the inclusion of population education in the school curriculum
260 _c[n.d.]
300 _a56 p.
942 _cTH
999 _c74750
_d74750